[Event "Fajr op 14th"]
[Site "Tehran"]
[Date "2006.01.25"]
[Round "2"]
[White "Roghani, Arash"]
[Black "Nadjarian, Ehsan"]
[Result "1-0"]
[WhiteElo "2371"]
[BlackElo "2129"]
[PlyCount "119"]
[EventDate "2006.01.24"]
[EventType "swiss"]
[EventRounds "9"]
[EventCountry "IRI"]
[SourceTitle "CBM 110 Extra"]
[Source "ChessBase"]
[SourceDate "2006.03.10"]
[SourceVersion "2"]
[SourceVersionDate "2006.03.10"]
[SourceQuality "1"]

1. d4 Nf6 2. c4 e6 3. Nc3 d5 4. cxd5 exd5 5. Bg5 c6 6. Qc2 h6 7. Bh4 Be7 8. e3 Be6 9. Bd3 Nbd7 10. Nge2 0-0 11. 0-0 Rc8 12. Rad1 Re8 13. Kh1 Ng4 14. Bg3 Bh4 15. h3 Bxg3 16. Nxg3 Qh4 17. Nf5 Bxf5 18. Bxf5 Ngf6 19. b4 Re7 20. Qb3 g6 21. Bxd7 Rxd7 22. Rc1 g5 23. Qc2 Ne4 24. Nxe4 dxe4 25. b5 Rdc7 26. Kg1 h5 27. bxc6 Rxc6 28. Qb1 b6 29. d5 Rxc1 30. Rxc1 Rd8 31. Rd1 f5 32. d6 g4 33. Qb3+ Kg7 34. Qc3+ Kg6 35. d7 Qf6 36. Qc7 Kf7 37. hxg4 hxg4 38. g3 Ke7 39. Qxa7 Qc6 40. Qa3+ Ke6 41. Qb3+ Ke7 42. Rd5 Qe6 43. Qb4+ Kf7 44. Qd4 Qf6 45. Qc4 Ke7 46. Qb4+ Kf7 47. Rd6 Qe7 48. Qc4+ Kg7 49. Qd4+ Kf7 50. Qc4+ Kg7 51. Qd4+ Kf7 52. Qd5+ Kg7 53. Qxf5 Qxd6 54. Qg5+ Kf7 55. Qxd8 Qd1+ 56. Kh2 Qf3 57. Qe8+ Kg7 58. Qe5+ Kg6 59. Qd6+ Kh7 60. Kg1 1-0